Sri Isopanisad (Record no. 360572)

MARC details
000 -LEADER
fixed length control field 003300000a22001450004500
005 - DATE AND TIME OF LATEST TRANSACTION
control field 20120302063826.0
040 ## - CATALOGING SOURCE
Original cataloging agency Eng
100 ## - MAIN ENTRY--PERSONAL NAME
Personal name Swami Prabhupada
245 ## - TITLE STATEMENT
Title Sri Isopanisad
250 ## - EDITION STATEMENT
Edition statement 1st
260 ## - PUBLICATION, DISTRIBUTION, ETC. (IMPRINT)
Place of publication, distribution, etc Bombay:Bhaktivedanta Book trust,1974.
300 ## - PHYSICAL DESCRIPTION
Extent xvi,144p..-ill
650 ## - SUBJECT ADDED ENTRY--TOPICAL TERM
Topical term or geographic name as entry element Sri Isopanisad
942 ## - ADDED ENTRY ELEMENTS (KOHA)
Koha item type Book
Holdings
Withdrawn status Lost status Damaged status Not for loan Home library Current library Date acquired Total Checkouts Barcode Date last seen Price effective from
        Institute For Oriental Study, Thane Institute For Oriental Study, Thane 12/02/2009   IOS-E 21625 12/02/2009 12/02/2009